00400nam a2200181Ia 4500003000900000008004100009040001300050040001300063041000800076100002400084245005000108250000900158260001500167260000900182300001100191300001000202490000600212IT-RoPAU120407s9999 xx 000 0 und d aIT-RoPAU cIT-RoPAU aita aMario Nasalli Rocca aMemorie del card. Ercole Consalvi (1757-1824) aRoma aSignorelli c1950 a424 p. c25 cm v1